000 01057nam a2200229Ia 4500
005 20211111074321.0
008 130821s2006 xx a gr spa
040 _aCo-BoUCM
_bspa
041 0 0 _aspa
110 1 _aColombia.
_bMinisterio del Medio Ambiente
_94053
245 1 0 _aOrientaciones generales para la presentación de los servicios públicos domiciliarios de agua potable y de saneamiento básico
_cMinisterio de Ambiente Vivienda y Desarrollo Territorial
260 _a[Lugar desconocido]
_b[Editorial desconocida]
_c[fecha desconocida]
300 _a51 páginas
_bilustraciones
490 _aConsultorio del agua.
_v1
_aPresentación de servicios públicos domiciliarios
650 0 4 _aAbastecimiento de agua
_98241
650 0 4 _aAdministración pública
_9355
650 0 4 _aServicios públicos domiciliarios
_924341
650 0 4 _aServicios públicos domiciliarios
_vTarifas
_924341
710 1 _aUSAID, del Pueblo de los Estados Unidos de América
_9162998
942 _cLIBRO
_a16
_e1
_mM665o
_2DEWEY
_h363.6
999 _c50696
_d50696